Online
Catalog

Curador curado / (Record no. 31317)

MARC details
000 -CABECERA
campo de control de longitud fija 00557nam a2200169 a 4500
001 - NÚMERO DE CONTROL
campo de control 000031825
005 - FECHA Y HORA DE LA ÚLTIMA TRANSACCIÓN
campo de control 20200930063217.0
008 - DATOS DE LONGITUD FIJA--INFORMACIÓN GENERAL
campo de control de longitud fija 110706s2001 dr c r 000 | spa d
040 ## - FUENTE DE LA CATALOGACIÓN
Centro catalogador/agencia de origen DO-SdBNP
Lengua de catalogación spa
Centro/agencia transcriptor BNPHU
082 ## - NÚMERO DE LA CLASIFICACIÓN DECIMAL DEWEY
Número de clasificación xxxx
Número de documento/Ítem H519c
100 1# - ENTRADA PRINCIPAL--NOMBRE DE PERSONA
Nombre de persona Henríquez, Quisqueya
9 (RLIN) 58038
245 10 - MENCIÓN DE TÍTULO
Título Curador curado /
Mención de responsabilidad, etc. Quisqueya Henríquez, Jorge Pineda, Fernando Valera.
260 ## - PUBLICACIÓN, DISTRIBUCIÓN, ETC.
Lugar de publicación, distribución, etc. Santo Domingo :
Nombre del editor, distribuidor, etc. Museo de Arte Moderno;
-- Amigo del Hogar,
Fecha de publicación, distribución, etc. 2001.
300 ## - DESCRIPCIÓN FÍSICA
Extensión [75] p. :
Otras características físicas retrs. ;
Dimensiones 28 cm.
700 1# - PUNTO DE ACCESO ADICIONAL--NOMBRE DE PERSONA
Nombre de persona Pineda, Jorge
9 (RLIN) 7045
700 1# - PUNTO DE ACCESO ADICIONAL--NOMBRE DE PERSONA
Nombre de persona Valera, Fernando
9 (RLIN) 48157
Holdings
Estado de retiro Estado de pérdida No para préstamo Código de colección Localización permanente Ubicación/localización actual Ubicación en estantería Fecha de adquisición Número de inventario Total de préstamos Signatura topográfica completa Código de barras Fecha visto por última vez Precio válido a partir de Tipo de ítem Koha Número de copia Nota pública
    Excluido de préstamo Patrimonio Dominicano Patrimonio Dominicano Patrimonio Dominicano Depósito 06.07.2011 LF1   xxxx H519c 31825-10 25.06.2020 25.06.2020 Libro y Folleto Colección Patrimonio Dominicano    
    Excluido de préstamo Patrimonio Dominicano Patrimonio Dominicano Patrimonio Dominicano Depósito 29.05.2019 LF1   xxxx H519c 31825-20 25.06.2020 25.06.2020 Libro y Folleto Colección Patrimonio Dominicano e. 2 Perteneció a la biblioteca personal de George Latourde.

Powered by Koha